| 000 | 00682 a2200169 4500 | ||
|---|---|---|---|
| 003 | Nust | ||
| 005 | 20221221074133.0 | ||
| 022 | _a0671791540 | ||
| 040 | _cNust | ||
| 082 | _a158.1,ROB | ||
| 100 |
_aRobbins, Anthony. _97704 |
||
| 245 |
_aAwaken the giant within : _bhow to take immediate control of your mental, emotional, physical & financial destiny / _cAnthony Robbins |
||
| 300 |
_a538 p. _b ill. ; 22 cm. |
||
| 505 | _aPart.1 Unleash your power (Page-170, Part.2 Taking control the master system (Page-321), Part.3 The seven days to shape your life (Page-435), Part.4 A lesson in destiny (Page-483). | ||
| 651 |
_aSuccess --Psychological aspects. _9105425 |
||
| 942 |
_2ddc _cBK |
||
| 999 |
_c217059 _d217059 |
||